00495nam a2200085Ia 4500008004100000245003000041300024800071650002800319856006200347170517s9999 xx 000 0 und d aMillionaire Basement Wars aEven viewers who revel in witnessing the luxurious lifestyles of the outrageously wealthy may be surprised to discover the latest trend currently sweeping the home design industry in London. For those with a sizeable pocketbook and a bit of... xBusiness and Economics. uhttp://topdocumentaryfilms.com/millionaire-basement-wars/